000
00339nam a2200145Ia 4500
008
230718s9999 xx 000 0 und d
041
_a
Eng.
082
_a
346.004
_b
GHA-A
100
_a
Ghandi,B M
245
4
_a
and specific relief act
260
_a
Pakistan
_b
Eastern book company
_c
2010
300
_a
498
650
_a
Law
999
_c
30248
_d
30248